LIBRARY & INFORMATION CENTRE, KCAET, TAVANUR

ONLINE PUBLIC ACCESS CATALOGUE (OPAC)

Principles of drip irrigation system (Record no. 14796)

MARC details
000 -LEADER
fixed length control field 00865nam a22001937a 4500
003 - CONTROL NUMBER IDENTIFIER
control field OSt
008 - FIXED-LENGTH DATA ELEMENTS--GENERAL INFORMATION
fixed length control field 220127b ||||| |||| 00| 0 eng d
020 ## - INTERNATIONAL STANDARD BOOK NUMBER
ISBN 9788183600774
082 ## - DEWEY DECIMAL CLASSIFICATION NUMBER
Classification number 631.5871
Item number MAN/PR
100 ## - MAIN ENTRY--AUTHOR NAME
Personal name Mane, M.S
245 ## - TITLE STATEMENT
Title Principles of drip irrigation system
250 ## - EDITION STATEMENT
Edition statement 3rd
260 ## - PUBLICATION, DISTRIBUTION, ETC. (IMPRINT)
Place of publication New Delhi
Name of publisher Jain Brothers
Year of publication 2014
300 ## - PHYSICAL DESCRIPTION
Number of Pages 224
505 ## - FORMATTED CONTENTS NOTE
Formatted contents note 1 INTRODUCTION <br/>2 DRIP IRRIGATION SYSTEM<br/>3 DRIPPERS<br/>4 DESIGN OF DRIP IRRIGATION SYSTEM<br/>5 INSTALLATION AND COMMISSIONING OF DRIP IRRIGATION SYSTEM <br/>6 MAINTENANCE OF DRIP IRRIGATION SYSTEM<br/>7 PERFORMANCE EVALUATION OF DRIP IRRIGATION SYSTEM <br/>8 FERTIGATION :<br/>9 FILTRATION<br/>10 FILTERS<br/>11 QUALITY OF IRRIGATION WATER <br/>12 SOIL PLANT WATER RELATIONSHIPS<br/>13 DRIP IRRIGATION MATERIAL SUPPLIERS LIST<br/>
700 ## - ADDED ENTRY--PERSONAL NAME
Personal name Ayare, B.L
700 ## - ADDED ENTRY--PERSONAL NAME
Personal name Magar, S.S
942 ## - ADDED ENTRY ELEMENTS (KOHA)
Koha item type Books
Holdings
Withdrawn status Lost status Damaged status Home library Current library Shelving location Date acquired Cost, normal purchase price Full call number Accession Number Koha item type Collection code Source of acquisition
      KAUAET KAUAET Scheme 28/03/2017 150.00 631.5871 MAN/PR BB 452 Book Bank scheme for SC students    
      KAUAET KAUAET Scheme 28/03/2017 150.00 631.5871 MAN/PR BB 453 Book Bank scheme for SC students    
      KAUAET KAUAET General Stacks 24/03/2017 150.00 631.5871 MAN/PR 25201 Books   Penta Book Distributors
      KAUAET KAUAET General Stacks 24/03/2017 150.00 631.5871 MAN/PR 25202 Books   Penta Book Distributors
      KAUAET KAUAET General Stacks 24/03/2017 150.00 631.5871 MAN/PR 25203 Books   Penta Book Distributors
      KAUAET KAUAET General Stacks 24/03/2017 150.00 631.5871 MAN/PR 25204 Books   Penta Book Distributors
      KAUAET KAUAET General Stacks 24/03/2017 150.00 631.5871 MAN/PR 25205 Books   Penta Book Distributors
      KAUAET KAUAET General Stacks 30/03/2017 150.00 631.5871 MAN/PR 25377 Books   Vigyan Books, Delhi
      KAUAET KAUAET General Stacks 30/03/2017 150.00 631.5871 MAN/PR 25378 Books   Vigyan Books, Delhi
      KAUAET KAUAET General Stacks 30/03/2017 150.00 631.5871 MAN/PR 25379 Books   Vigyan Books, Delhi
      KAUAET KAUAET General Stacks 30/03/2017 150.00 631.5871 MAN/PR 25380 Books   Vigyan Books, Delhi
      KAUAET KAUAET General Stacks 30/03/2017 150.00 631.5871 MAN/PR 25381 Books   Vigyan Books, Delhi
free website counter